[Event "EU-ch qual Online"]
[Site "Tornelo INT"]
[Date "2020.12.18"]
[Round "7"]
[White "Bykhovsky, Avigdor"]
[Black "Muller, Anthony"]
[Result "1-0"]
[WhiteElo "2400"]
[BlackElo "2269"]
[PlyCount "57"]
[EventDate "2020.12.18"]
[EventType "swiss"]
[EventRounds "11"]
[EventCountry "POL"]
[SourceTitle "CBM 199 Extra"]
[Source "ChessBase"]
[SourceDate "2021.01.31"]
[SourceVersion "1"]
[SourceVersionDate "2021.01.31"]
[SourceQuality "1"]

1. d4 d5 2. c4 c6 3. Nf3 Nf6 4. e3 e6 5. Nc3 Nbd7 6. Qc2 Bd6 7. Bd2 0-0 8. 0-0-0 e5 9. cxd5 cxd5 10. dxe5 Nxe5 11. Nd4 a6 12. Kb1 Qe7 13. h3 b5 14. g4 b4 15. g5 bxc3 16. gxf6 Qxf6 17. Bxc3 Qg6 18. f4 Qxc2+ 19. Kxc2 Nc4 20. Bxc4 dxc4 21. Nc6 Bf5+ 22. Kc1 Be4 23. Rhg1 Rfd8 24. Bxg7 Bxc6 25. Be5+ Kf8 26. Bxd6+ Ke8 27. Rg8+ Kd7 28. Bb4+ Kc7 29. Ba5+ 1-0

[Event "EU-ch qual Online"]
[Site "Tornelo INT"]
[Date "2020.12.18"]
[Round "2"]
[White "Muller, Anthony"]
[Black "Neuman, Petr"]
[Result "1/2-1/2"]
[WhiteElo "2269"]
[BlackElo "2393"]
[PlyCount "125"]
[EventDate "2020.12.18"]
[EventType "swiss"]
[EventRounds "11"]
[EventCountry "POL"]
[SourceTitle "CBM 199 Extra"]
[Source "ChessBase"]
[SourceDate "2021.01.31"]
[SourceVersion "1"]
[SourceVersionDate "2021.01.31"]
[SourceQuality "1"]

1. d4 d6 2. c4 Nf6 3. Nc3 g6 4. e4 Bg7 5. Nf3 0-0 6. Be2 e5 7. 0-0 Na6 8. d5 Nc5 9. Qc2 a5 10. Bg5 h6 11. Be3 Ng4 12. Bxc5 dxc5 13. h3 Nf6 14. Nd2 Ne8 15. a3 Nd6 16. Rab1 b6 17. b4 axb4 18. axb4 cxb4 19. Rxb4 Bd7 20. Rbb1 Qe7 21. Ra1 h5 22. Nb5 Bxb5 23. cxb5 Bh6 24. Nf3 Nb7 25. Qc3 f6 26. Rfd1 Nc5 27. Ne1 Rfd8 28. Bf3 Bf8 29. Nd3 Nxd3 30. Qxd3 Qh7 31. Qc3 Bc5 32. Rxa8 Rxa8 33. Ra1 Rxa1+ 34. Qxa1 Qe7 35. Qa8+ Kg7 36. Qc6 Bd6 37. g3 h4 38. Kg2 hxg3 39. fxg3 Qd8 40. h4 f5 41. Qc2 Qf6 42. Be2 f4 43. Bf3 fxg3 44. Qd2 Qf4 45. Qxf4 exf4 46. Kh3 Kf6 47. Kg2 Ke5 48. Kh3 Be7 49. Kg4 Bf6 50. Bg2 Be7 51. Bf3 Bd6 52. Bg2 Kd4 53. Kf3 Be5 54. Bf1 Kc3 55. Bg2 Kd2 56. Bf1 Ke1 57. Bg2 Bd6 58. Bh3 Kd2 59. Bg2 Kd3 60. Bf1+ Kd4 61. Bg2 Ke5 62. Kg4 Be7 63. Bf3 1/2-1/2

[Event "FRA-ch Blitz Online Qual"]
[Site "Europe Echecs INT"]
[Date "2020.05.16"]
[Round "6"]
[White "Bellahcene, Bilel"]
[Black "Muller, Anthony"]
[Result "1-0"]
[WhiteElo "2501"]
[BlackElo "2278"]
[PlyCount "55"]
[EventDate "2020.05.16"]
[EventType "swiss (blitz)"]
[EventRounds "15"]
[EventCountry "FRA"]
[SourceTitle "CBM 196 Extra"]
[Source "ChessBase"]
[SourceDate "2020.07.31"]
[SourceVersion "1"]
[SourceVersionDate "2020.07.31"]
[SourceQuality "1"]

1. e4 e6 2. d4 d5 3. Nc3 Nf6 4. e5 Nfd7 5. f4 c5 6. Nf3 Nc6 7. Be3 cxd4 8. Nxd4 Bc5 9. Qd2 0-0 10. 0-0-0 a6 11. h4 Nxd4 12. Bxd4 b5 13. Kb1 b4 14. Ne2 a5 15. Bxc5 Nxc5 16. Nd4 Qb6 17. Qe3 Ba6 18. h5 Bxf1 19. Rhxf1 Ne4 20. Rd3 Rac8 21. f5 Rc4 22. h6 g6 23. b3 Rcc8 24. g4 Qc7 25. Qf4 Rce8 26. fxe6 fxe6 27. Qxf8+ Rxf8 28. Rxf8+ 1-0

[Event "FRA-ch Blitz Online Qual"]
[Site "Europe Echecs INT"]
[Date "2020.05.16"]
[Round "11"]
[White "Djidjeli, Sofiane"]
[Black "Muller, Anthony"]
[Result "0-1"]
[WhiteElo "2209"]
[BlackElo "2278"]
[PlyCount "74"]
[EventDate "2020.05.16"]
[EventType "swiss (blitz)"]
[EventRounds "15"]
[EventCountry "FRA"]
[SourceTitle "CBM 196 Extra"]
[Source "ChessBase"]
[SourceDate "2020.07.31"]
[SourceVersion "1"]
[SourceVersionDate "2020.07.31"]
[SourceQuality "1"]

1. e4 e6 2. d4 d5 3. Nc3 Nf6 4. Bd3 c5 5. exd5 Nxd5 6. Nf3 Nc6 7. Nxd5 Qxd5 8. dxc5 Bxc5 9. 0-0 h6 10. Re1 0-0 11. Qe2 Nd4 12. Nxd4 Bxd4 13. c3 Bf6 14. Bf4 Bd7 15. Rad1 Qc6 16. Bc2 Rfd8 17. Qd3 Be8 18. Bxh6 Rxd3 19. Rxd3 gxh6 20. Rg3+ Kf8 21. Rf3 Bg7 22. h4 Rd8 23. Bb3 Rd2 24. Bxe6 Qxf3 25. gxf3 fxe6 26. Rxe6 Rxb2 27. f4 Rxa2 28. f5 a5 29. f6 Kf7 30. fxg7 Bc6 31. Rxh6 Kxg7 32. Re6 a4 33. Re1 a3 34. c4 Rb2 35. Ra1 a2 36. Kh2 Ba4 37. c5 Bb3 0-1

[Event "FRA-ch Blitz Online Qual"]
[Site "Europe Echecs INT"]
[Date "2020.05.16"]
[Round "7"]
[White "Muller, Anthony"]
[Black "Bressy, Theo"]
[Result "0-1"]
[WhiteElo "2278"]
[BlackElo "2289"]
[PlyCount "100"]
[EventDate "2020.05.16"]
[EventType "swiss (blitz)"]
[EventRounds "15"]
[EventCountry "FRA"]
[SourceTitle "CBM 196 Extra"]
[Source "ChessBase"]
[SourceDate "2020.07.31"]
[SourceVersion "1"]
[SourceVersionDate "2020.07.31"]
[SourceQuality "1"]

1. d4 d5 2. c4 c6 3. Nf3 Nf6 4. Nc3 dxc4 5. a4 Bf5 6. e3 e6 7. Bxc4 Bb4 8. 0-0 0-0 9. Qe2 Bg4 10. h3 Bh5 11. Rd1 Nbd7 12. e4 Qc7 13. e5 Nd5 14. Nxd5 cxd5 15. Bd3 h6 16. g4 Bg6 17. Bd2 Bxd2 18. Qxd2 Rac8 19. Qb4 Qb6 20. Qxb6 Nxb6 21. Kg2 Bxd3 22. Rxd3 Rc2 23. Rb3 Rc7 24. a5 Nc4 25. Rc3 Rfc8 26. Ra2 Rc6 27. Kf1 b6 28. axb6 axb6 29. Ke2 Kf8 30. Ne1 Na5 31. Kd3 Rc4 32. Nc2 Ke7 33. Ne3 Rxc3+ 34. bxc3 g5 35. f3 f6 36. exf6+ Kxf6 37. Rb2 Rc6 38. Rb5 Kg6 39. Rb4 Kf6 40. c4 dxc4+ 41. Nxc4 Nxc4 42. Rxc4 Rxc4 43. Kxc4 e5 44. d5 Ke7 45. Kb5 Kd6 46. Kxb6 Kxd5 47. Kc7 e4 48. fxe4+ Kxe4 49. Kd6 Kf4 50. Ke6 Kg3 0-1

[Event "FRA-ch Blitz Online Qual"]
[Site "Europe Echecs INT"]
[Date "2020.05.16"]
[Round "2"]
[White "Muller, Anthony"]
[Black "Delin, Valere"]
[Result "1-0"]
[WhiteElo "2278"]
[BlackElo "2043"]
[PlyCount "75"]
[EventDate "2020.05.16"]
[EventType "swiss (blitz)"]
[EventRounds "15"]
[EventCountry "FRA"]
[SourceTitle "CBM 196 Extra"]
[Source "ChessBase"]
[SourceDate "2020.07.31"]
[SourceVersion "1"]
[SourceVersionDate "2020.07.31"]
[SourceQuality "1"]

1. d4 Nf6 2. c4 g6 3. Nc3 c5 4. d5 d6 5. Nf3 Bg7 6. e4 0-0 7. Be2 e6 8. Nd2 exd5 9. cxd5 a6 10. a4 h6 11. 0-0 Nh7 12. Nc4 f5 13. Bf4 Rf6 14. e5 dxe5 15. Bxe5 Rf8 16. Bxg7 Kxg7 17. a5 Nd7 18. d6 b5 19. axb6 Nxb6 20. Bf3 Rb8 21. Ne5 Nf6 22. Nc6 Qe8 23. Nxb8 Be6 24. Nc6 g5 25. Re1 g4 26. Ne7 Qf7 27. Rxa6 Nc4 28. Ra7 Kh8 29. Bc6 Nxb2 30. Qa1 Nd3 31. Rd1 c4 32. Ncd5 Qg7 33. Nxf6 Qxf6 34. Qxf6+ Rxf6 35. d7 Rf8 36. Bd5 Bxd5 37. Nxd5 Rc8 38. dxc8Q# 1-0

[Event "FRA-ch Blitz Online Qual"]
[Site "Europe Echecs INT"]
[Date "2020.05.16"]
[Round "14"]
[White "Muller, Anthony"]
[Black "Ellis, Antoine"]
[Result "1-0"]
[WhiteElo "2278"]
[BlackElo "2066"]
[PlyCount "129"]
[EventDate "2020.05.16"]
[EventType "swiss (blitz)"]
[EventRounds "15"]
[EventCountry "FRA"]
[SourceTitle "CBM 196 Extra"]
[Source "ChessBase"]
[SourceDate "2020.07.31"]
[SourceVersion "1"]
[SourceVersionDate "2020.07.31"]
[SourceQuality "1"]

1. d4 Nf6 2. c4 e6 3. Nc3 Bb4 4. Nf3 c5 5. Bg5 h6 6. Bxf6 Qxf6 7. Rc1 0-0 8. e3 Nc6 9. a3 Bxc3+ 10. Rxc3 d6 11. Be2 Nxd4 12. exd4 b6 13. 0-0 Bb7 14. dxc5 dxc5 15. Qd7 Be4 16. Qc7 Rad8 17. Re3 Ba8 18. Qe5 Qg6 19. Rc1 Rd2 20. Qc3 Rfd8 21. Ne1 h5 22. Bd3 R8xd3 23. Rxd3 Re2 24. Rg3 Qh6 25. Rc2 Re4 26. Re3 Rg4 27. f3 Rg6 28. Rd2 Kh7 29. Rd8 Bc6 30. Rc8 Bb7 31. Rc7 Ba8 32. Rxf7 h4 33. Rd3 h3 34. g3 e5 35. Qd2 Rg5 36. Rdd7 Rg6 37. Qxh6+ Kxh6 38. Rxa7 Bc6 39. Kf2 e4 40. f4 Rd6 41. Ke2 e3 42. Rfe7 Rd2+ 43. Kxe3 Rxh2 44. Nf3 Rxb2 45. Rxg7 Rb3+ 46. Ke2 Bxf3+ 47. Kf2 Bg2 48. Rh7+ Kg6 49. Rhg7+ Kf5 50. Rg5+ Ke4 51. Re5+ Kd4 52. Rh7 Rf3+ 53. Ke2 Kxc4 54. Rxh3 Rxa3 55. Rh6 Rxg3 56. Rg5 Rxg5 57. fxg5 Bd5 58. Rxb6 Kd4 59. g6 Ke5 60. g7 c4 61. Kd2 Kd4 62. Rd6 c3+ 63. Kc1 Kc5 64. Rxd5+ Kxd5 65. g8Q+ 1-0

[Event "FRA-ch Blitz Online Qual"]
[Site "Europe Echecs INT"]
[Date "2020.05.16"]
[Round "9"]
[White "Spitz, Christophe"]
[Black "Muller, Anthony"]
[Result "0-1"]
[WhiteElo "2137"]
[BlackElo "2278"]
[PlyCount "78"]
[EventDate "2020.05.16"]
[EventType "swiss (blitz)"]
[EventRounds "15"]
[EventCountry "FRA"]
[SourceTitle "CBM 196 Extra"]
[Source "ChessBase"]
[SourceDate "2020.07.31"]
[SourceVersion "1"]
[SourceVersionDate "2020.07.31"]
[SourceQuality "1"]

1. e4 e6 2. d4 d5 3. e5 c5 4. c3 Qb6 5. Nf3 Nc6 6. a3 c4 7. Nbd2 Na5 8. g3 Bd7 9. Bg2 Ne7 10. 0-0 0-0-0 11. Ng5 Be8 12. f4 h6 13. Ngf3 Kb8 14. Qe2 Ba4 15. Ne1 a6 16. Ndf3 Nb3 17. Rb1 Nxc1 18. Rxc1 Ka7 19. Bh3 g6 20. Ng2 Nf5 21. Ne3 Be7 22. Bxf5 gxf5 23. Ng2 Rc8 24. Rf2 Rc6 25. Nfh4 Qd8 26. Qh5 Qf8 27. Kf1 Qg7 28. Re2 Rb6 29. Kf2 Rb3 30. Rcc2 Rc8 31. Rcd2 Be8 32. Qf3 b5 33. Ne3 a5 34. Nhg2 b4 35. axb4 axb4 36. Nd1 Ra8 37. Nge3 Kb8 38. Nxd5 Bc6 39. N1e3 exd5 0-1

[Event "Europe Echecs online op April"]
[Site "Europe Echecs INT"]
[Date "2020.04.11"]
[Round "11"]
[White "Muller, Anthony"]
[Black "Hamdouchi, Adina Maria"]
[Result "1-0"]
[WhiteElo "2322"]
[BlackElo "2208"]
[PlyCount "99"]
[EventDate "2020.04.11"]
[EventType "swiss (blitz)"]
[EventRounds "11"]
[EventCountry "FRA"]
[SourceTitle "EXT 2021"]
[Source "ChessBase"]
[SourceDate "2020.10.23"]
[SourceVersion "1"]
[SourceVersionDate "2020.10.23"]
[SourceQuality "1"]

1. d4 Nf6 2. c4 g6 3. Nc3 Bg7 4. e4 d6 5. Nf3 0-0 6. Be2 Nbd7 7. 0-0 e5 8. d5 Nc5 9. Qc2 a5 10. Bg5 h6 11. Be3 Ng4 12. Bxc5 dxc5 13. h3 Nf6 14. Nd2 Ne8 15. a3 Nd6 16. Rab1 f5 17. b4 axb4 18. axb4 cxb4 19. Rxb4 b6 20. Rbb1 g5 21. Ra1 Bd7 22. Rxa8 Qxa8 23. Qb2 f4 24. Ra1 Qd8 25. Ra7 Nc8 26. Ra8 g4 27. Bxg4 Bxg4 28. hxg4 Qh4 29. f3 h5 30. gxh5 Qxh5 31. Nb5 Qf7 32. c5 bxc5 33. Nc4 Bf6 34. Qa3 Qg7 35. Qxc5 Bh4 36. Nxc7 Qg3 37. Ra1 Rf7 38. Ne6 Ne7 39. d6 Ng6 40. d7 Bf6 41. d8Q+ Bxd8 42. Nxd8 Nh4 43. Qf2 Rg7 44. Qxg3 Rxg3 45. Nxe5 Rxg2+ 46. Kf1 Rh2 47. Ra7 Rd2 48. Ne6 Rb2 49. Rg7+ Kh8 50. Nf7# 1-0

[Event "Europe Echecs online op April"]
[Site "Europe Echecs INT"]
[Date "2020.04.11"]
[Round "3"]
[White "Muller, Anthony"]
[Black "Lafont, Matthieu"]
[Result "1-0"]
[WhiteElo "2322"]
[BlackElo "1657"]
[PlyCount "57"]
[EventDate "2020.04.11"]
[EventType "swiss (blitz)"]
[EventRounds "11"]
[EventCountry "FRA"]
[SourceTitle "EXT 2021"]
[Source "ChessBase"]
[SourceDate "2020.10.23"]
[SourceVersion "1"]
[SourceVersionDate "2020.10.23"]
[SourceQuality "1"]

1. d4 Nf6 2. c4 g6 3. Nc3 Bg7 4. e4 d6 5. Nf3 0-0 6. Be2 e5 7. 0-0 Nc6 8. d5 Ne7 9. Ne1 Nd7 10. Be3 a5 11. Nd3 b6 12. a3 Ba6 13. Ne1 f5 14. f3 f4 15. Bf2 g5 16. b4 Ng6 17. Kh1 Nf6 18. bxa5 bxa5 19. c5 Bxe2 20. Qxe2 h5 21. Rb1 g4 22. Rb7 g3 23. Bg1 gxh2 24. Bf2 h4 25. Kxh2 Nh5 26. Rh1 Ng3 27. Bxg3 fxg3+ 28. Kg1 Bh6 29. Nd3 1-0

[Event "Europe Echecs online op April"]
[Site "Europe Echecs INT"]
[Date "2020.04.11"]
[Round "9"]
[White "Muller, Anthony"]
[Black "Le Corre, Benjamin"]
[Result "1-0"]
[WhiteElo "2322"]
[BlackElo "2271"]
[PlyCount "145"]
[EventDate "2020.04.11"]
[EventType "swiss (blitz)"]
[EventRounds "11"]
[EventCountry "FRA"]
[SourceTitle "EXT 2021"]
[Source "ChessBase"]
[SourceDate "2020.10.23"]
[SourceVersion "1"]
[SourceVersionDate "2020.10.23"]
[SourceQuality "1"]

1. d4 Nf6 2. c4 g6 3. Nc3 Bg7 4. e4 d6 5. Nf3 0-0 6. Be2 e5 7. 0-0 exd4 8. Nxd4 Re8 9. f3 c6 10. Bg5 Qb6 11. Be3 Qc7 12. Qd2 Nbd7 13. Rfe1 a5 14. Rad1 Nc5 15. Nb3 Nxb3 16. axb3 Bf8 17. Kh1 Be6 18. Bf4 Rad8 19. c5 Bxb3 20. cxd6 Qd7 21. Ra1 Bxd6 22. Bxd6 Qxd6 23. Qxd6 Rxd6 24. Rxa5 Rd2 25. Ra7 b5 26. Rc7 b4 27. Nd1 Red8 28. Ne3 Rxb2 29. Rxc6 Rdd2 30. Bf1 Nd7 31. h4 Ne5 32. Rb6 Be6 33. f4 Nd3 34. Bxd3 Rxd3 35. f5 gxf5 36. exf5 Ba2 37. f6 h5 38. Nf5 Rf2 39. Ne7+ Kh7 40. Rxb4 Rg3 41. Re5 Rxf6 42. Rxh5+ Kg7 43. Nf5+ Rxf5 44. Rxf5 Be6 45. Rf3 Rg6 46. Kh2 Kh6 47. Rff4 f5 48. Rb6 Kh5 49. g3 Rf6 50. Rxe6 Rxe6 51. Rxf5+ Kh6 52. Kh3 Re3 53. Kg4 Kg6 54. Rf4 Ra3 55. Rb4 Rc3 56. Rb6+ Kg7 57. Rb5 Ra3 58. h5 Kh6 59. Kh4 Ra1 60. Rb6+ Kh7 61. g4 Ra5 62. Rf6 Rc5 63. Rf5 Rc1 64. Kg5 Kg7 65. h6+ Kg8 66. Kg6 Rc6+ 67. Rf6 Rc8 68. g5 Kh8 69. Rb6 Kg8 70. Rb5 Rc6+ 71. Kh5 Kh7 72. g6+ Kg8 73. Rb8+ 1-0

[Event "FRA-ch Accession"]
[Site "Agen"]
[Date "2017.08.24"]
[Round "6"]
[White "Muller, Anthony"]
[Black "Pigeat, Alexandre"]
[Result "0-1"]
[WhiteElo "2243"]
[BlackElo "2286"]
[PlyCount "78"]
[EventDate "2017.08.19"]
[EventType "swiss"]
[EventRounds "9"]
[EventCountry "FRA"]
[SourceTitle "EXT 2019"]
[Source "ChessBase"]
[SourceDate "2018.10.10"]
[SourceVersion "1"]
[SourceVersionDate "2018.10.10"]
[SourceQuality "1"]

1. d4 d5 2. c4 c6 3. Nf3 Nf6 4. Nc3 dxc4 5. a4 Bf5 6. e3 e6 7. Bxc4 Bb4 8. 0-0 Nbd7 9. Qe2 Bg6 10. e4 Bxc3 11. bxc3 Nxe4 12. Ba3 Nb6 13. Rfc1 Nxc4 14. Qxc4 a5 15. Ne5 Qc7 16. Qe2 Nd6 17. Nxg6 hxg6 18. Qe5 0-0-0 19. h3 Nc4 20. Qe2 Nb6 21. Bc5 Nd5 22. Rab1 Nf4 23. Qf3 Rd5 24. Bb6 Qb8 25. Ba7 Qd6 26. Bc5 Qb8 27. Ba7 Qxa7 28. Qxf4 Rf5 29. Qe4 Qb8 30. Rb3 Rf4 31. Qe2 Rd8 32. Rcb1 Qc7 33. g4 Rd5 34. Qb2 Rd7 35. Qa3 Qd8 36. Qc5 Qh4 37. c4 Qxf2+ 38. Kh1 Rfxd4 39. Rd3 Qc2 0-1

[Event "FRA-ch Accession"]
[Site "Agen"]
[Date "2017.08.19"]
[Round "1"]
[White "Loiseau, Quentin"]
[Black "Muller, Anthony"]
[Result "1-0"]
[WhiteElo "2425"]
[BlackElo "2243"]
[PlyCount "85"]
[EventDate "2017.08.19"]
[EventType "swiss"]
[EventRounds "9"]
[EventCountry "FRA"]
[SourceTitle "EXT 2019"]
[Source "ChessBase"]
[SourceDate "2018.10.10"]
[SourceVersion "1"]
[SourceVersionDate "2018.10.10"]
[SourceQuality "1"]

1. d4 d5 2. c4 c6 3. Nc3 Nf6 4. Nf3 e6 5. Bg5 Nbd7 6. e3 Qa5 7. cxd5 Nxd5 8. Qd2 Bb4 9. Rc1 0-0 10. Bd3 h6 11. Bh4 e5 12. a3 Bxc3 13. bxc3 exd4 14. cxd4 Qxa3 15. 0-0 Qb4 16. Qa2 Re8 17. Rfe1 Qd6 18. Bb1 a5 19. e4 Nb4 20. Qa3 Nf8 21. Bg3 Qd8 22. Red1 Bg4 23. d5 Nd7 24. h3 Bxf3 25. Qxf3 c5 26. Qa3 b5 27. f4 c4 28. e5 Nc5 29. Bf2 Ncd3 30. Bxd3 Nxd3 31. Rxd3 b4 32. Qa4 cxd3 33. d6 Rc8 34. Rd1 Rc3 35. Bd4 Ra3 36. Qc6 Qa8 37. Qxa8 Rxa8 38. f5 Kf8 39. e6 Ra6 40. Bxg7+ Kxg7 41. e7 Rxd6 42. e8Q Kf6 43. Re1 1-0

[Event "FRA-ch Accession"]
[Site "Agen"]
[Date "2017.08.19"]
[Round "4"]
[White "Muller, Anthony"]
[Black "Philippe, Guillaume"]
[Result "0-1"]
[WhiteElo "2243"]
[BlackElo "2364"]
[PlyCount "144"]
[EventDate "2017.08.19"]
[EventType "swiss"]
[EventRounds "9"]
[EventCountry "FRA"]
[SourceTitle "EXT 2019"]
[Source "ChessBase"]
[SourceDate "2018.10.10"]
[SourceVersion "1"]
[SourceVersionDate "2018.10.10"]
[SourceQuality "1"]

1. d4 d6 2. c4 e5 3. Nf3 Nd7 4. e4 Ngf6 5. Nc3 Be7 6. Be2 0-0 7. 0-0 Qe8 8. Re1 Bd8 9. Bf1 c6 10. b3 Ba5 11. Bb2 Qe7 12. a3 c5 13. d5 Ng4 14. h3 Nh6 15. g4 g5 16. Qd2 f6 17. Nh4 Qg7 18. Ng2 Rd8 19. Ne3 Nf8 20. Nf5 Nxf5 21. exf5 Bd7 22. Reb1 h5 23. b4 cxb4 24. Ne4 bxa3 25. Qxa5 axb2 26. Rxb2 Be8 27. Qb4 b6 28. Nxd6 Nd7 29. Ne4 Qf8 30. Be2 hxg4 31. hxg4 Nc5 32. Nxc5 bxc5 33. Qa5 Rd7 34. Rab1 Qd6 35. Rb7 e4 36. Rxd7 Bxd7 37. Rb3 Kf7 38. Rh3 Kg7 39. Kg2 a6 40. Qa1 Rh8 41. Rxh8 Kxh8 42. Qa5 Be8 43. Bd1 Kg7 44. Kf1 Bf7 45. Qa3 Qf4 46. Be2 a5 47. Qxa5 Qh2 48. Ke1 Qg1+ 49. Kd2 Qxf2 50. Qc3 Qf4+ 51. Qe3 Kf8 52. Bd1 Ke7 53. Bc2 Qh2+ 54. Kc3 Kd6 55. Qxe4 Qg3+ 56. Kb2 Qg1 57. Qf3 Qd4+ 58. Qc3 Qxc3+ 59. Kxc3 Be8 60. Kb3 Bd7 61. Ka3 Ke5 62. Ba4 Bc8 63. Bb5 Bxf5 64. Kb3 Bxg4 65. Kc3 f5 66. Kd2 f4 67. Ke1 Bf5 68. Ke2 g4 69. Be8 g3 70. Kf3 Be4+ 71. Ke2 f3+ 72. Kf1 Bd3+ 0-1

[Event "FRA-ch Accession"]
[Site "Agen"]
[Date "2017.08.19"]
[Round "2"]
[White "Muller, Anthony"]
[Black "Roselle, Tristan"]
[Result "1/2-1/2"]
[WhiteElo "2243"]
[BlackElo "2134"]
[PlyCount "83"]
[EventDate "2017.08.19"]
[EventType "swiss"]
[EventRounds "9"]
[EventCountry "FRA"]
[SourceTitle "EXT 2019"]
[Source "ChessBase"]
[SourceDate "2018.10.10"]
[SourceVersion "1"]
[SourceVersionDate "2018.10.10"]
[SourceQuality "1"]

1. d4 d5 2. c4 e6 3. Nc3 Nf6 4. Nf3 c5 5. e3 Nc6 6. Be2 Be7 7. 0-0 0-0 8. a3 dxc4 9. Bxc4 b6 10. Qe2 cxd4 11. Rd1 Bb7 12. exd4 Na5 13. Ba2 Bd5 14. Nxd5 Nxd5 15. Ne5 Rc8 16. Bd2 Nc6 17. Nxc6 Rxc6 18. Rac1 Rxc1 19. Rxc1 Bg5 20. g3 Bxd2 21. Qxd2 h6 22. Qe2 Qd7 23. Qe5 Rd8 24. Bxd5 Qxd5 25. Rc7 a5 26. Qf4 f6 27. Qg4 Rd7 28. Rc8+ Kh7 29. Re8 Qxd4 30. Qxd4 Rxd4 31. Rxe6 b5 32. Rb6 Rd5 33. Kf1 Rc5 34. b3 Rc1+ 35. Ke2 Ra1 36. Rxb5 Rxa3 37. h4 a4 38. bxa4 Rxa4 39. h5 Rg4 40. Kf3 Ra4 41. Kg2 Rc4 42. f4 1/2-1/2

[Event "Decines op"]
[Site "Lyon"]
[Date "2017.05.25"]
[Round "5.1"]
[White "Muller, Anthony"]
[Black "Benitah, Yohan"]
[Result "0-1"]
[WhiteElo "2243"]
[BlackElo "2391"]
[PlyCount "112"]
[EventDate "2017.10.??"]
[EventType "swiss (rapid)"]
[EventRounds "8"]
[EventCountry "FRA"]
[SourceTitle "EXT 2020"]
[Source "ChessBase"]
[SourceDate "2019.10.17"]
[SourceVersion "1"]
[SourceVersionDate "2019.10.17"]
[SourceQuality "1"]

1. d4 d5 2. c4 c6 3. Nf3 Nf6 4. Nc3 dxc4 5. a4 Bf5 6. e3 e6 7. Bxc4 Bb4 8. 0-0 0-0 9. Qe2 Nbd7 10. e4 Bg6 11. e5 Nd5 12. Nxd5 cxd5 13. Bd3 Bxd3 14. Qxd3 Be7 15. Bd2 Rc8 16. Rfc1 Qb6 17. Qb5 Nb8 18. Qxb6 axb6 19. Kf1 Nc6 20. Ke2 Ra8 21. b3 Rfc8 22. Rab1 f6 23. exf6 gxf6 24. Bc3 Kf7 25. Rd1 b5 26. axb5 Na7 27. Bd2 Nxb5 28. Rdc1 e5 29. dxe5 fxe5 30. Nxe5+ Ke6 31. Nf3 Rxc1 32. Rxc1 Ra2 33. Kd3 Rb2 34. Re1+ Kd7 35. Rd1 Rxb3+ 36. Kc2 Ra3 37. Be3 Ra2+ 38. Kb3 Ra3+ 39. Kb2 Bf6+ 40. Nd4 Ra4 41. Kb3 Rxd4 42. Bxd4 Nxd4+ 43. Kb4 Kd6 44. Kc3 Ne6+ 45. Kd2 b5 46. Rb1 Kc6 47. Rc1+ Nc5 48. Ke3 b4 49. Kf4 b3 50. Kf5 Bg7 51. f4 b2 52. Rb1 Nb3 53. Ke6 Nd2 54. Rd1 b1Q 55. Rxb1 Nxb1 56. f5 d4 0-1

[Event "FRA-ch op-A"]
[Site "Saint Quentin"]
[Date "2015.??.??"]
[Round "10"]
[White "Merenciano, Alexandre"]
[Black "Muller, Anthony"]
[Result "0-1"]
[WhiteElo "2205"]
[BlackElo "2142"]
[PlyCount "91"]
[EventDate "2015.08.09"]
[EventType "swiss"]
[EventRounds "11"]
[EventCountry "FRA"]
[SourceTitle "EXT 2016"]
[Source "ChessBase"]
[SourceDate "2015.10.08"]
[SourceVersion "1"]
[SourceVersionDate "2015.10.08"]
[SourceQuality "1"]

1. e4 e6 2. d4 d5 3. Nd2 Nf6 4. e5 Nfd7 5. c3 c5 6. f4 Nc6 7. Ndf3 Qb6 8. a3 c4 9. g4 Qc7 10. Ne2 Nb6 11. Ng3 Na5 12. Be3 Bd7 13. Nd2 Ba4 14. Qf3 0-0-0 15. h4 Nb3 16. Rb1 Nxd2 17. Bxd2 Bc2 18. Rc1 Bb3 19. Rb1 Na4 20. Bc1 h5 21. Rh2 hxg4 22. Qxg4 g6 23. Ra1 Be7 24. Be2 Rdg8 25. Bf3 Qd8 26. h5 gxh5 27. Qh3 Bc2 28. Be3 Nxb2 29. Kd2 h4 30. Nh5 Bf5 31. Qf1 Qa5 32. Ra2 Na4 33. Qc1 Kb8 34. Bf2 Bg4 35. Bxg4 Rxg4 36. Nf6 Bxf6 37. exf6 h3 38. Rc2 Qc7 39. Be3 Rhg8 40. Qh1 Rg2+ 41. Kd1 Qb6 42. Rhxg2 Qb1+ 43. Bc1 hxg2 44. Qg1 Ka8 45. Kd2 Rg3 46. Qh2 0-1

[Event "Loire-ch Top20 1415"]
[Site "Loire"]
[Date "2014.10.04"]
[Round "1"]
[White "Philip, Sylvain"]
[Black "Muller, Anthony"]
[Result "0-1"]
[WhiteElo "1750"]
[BlackElo "2136"]
[PlyCount "80"]
[EventDate "2014.10.04"]
[EventType "swiss"]
[EventRounds "7"]
[EventCountry "FRA"]
[SourceTitle "EXT 2016"]
[Source "ChessBase"]
[SourceDate "2015.10.08"]
[SourceVersion "1"]
[SourceVersionDate "2015.10.08"]
[SourceQuality "1"]

1. e4 e6 2. d4 d5 3. Nd2 Nf6 4. e5 Nfd7 5. Bd3 c5 6. c3 Nc6 7. Ne2 cxd4 8. cxd4 f6 9. exf6 Nxf6 10. 0-0 Bd6 11. Nf3 Qc7 12. Bg5 0-0 13. Rc1 Ng4 14. h3 Rxf3 15. hxg4 Rf7 16. Bh4 Qb6 17. Qd2 g6 18. Bb1 Bd7 19. a3 Na5 20. Ba2 Ba4 21. b4 Nb3 22. Bxb3 Bxb3 23. Bg3 Bxg3 24. Nxg3 Raf8 25. f4 Bc4 26. Rf3 e5 27. f5 Qxd4+ 28. Qxd4 exd4 29. Rd1 d3 30. Rd2 Re7 31. fxg6 hxg6 32. Rxf8+ Kxf8 33. Kf2 Kf7 34. Kf3 Kf6 35. Kf4 Re1 36. g5+ Ke6 37. Kf3 Ke5 38. Kf2 Ra1 39. Ke3 Rxa3 40. Rb2 d2+ 0-1

[Event "FRA-ch op"]
[Site "Nimes"]
[Date "2014.08.26"]
[Round "9"]
[White "Muller, Anthony"]
[Black "Macon, Arthur"]
[Result "1/2-1/2"]
[WhiteElo "2132"]
[BlackElo "2163"]
[PlyCount "87"]
[EventDate "2014.08.17"]
[EventType "swiss"]
[EventRounds "11"]
[EventCountry "FRA"]
[SourceTitle "EXT 2015"]
[Source "ChessBase"]
[SourceDate "2014.11.20"]
[SourceVersion "1"]
[SourceVersionDate "2014.11.20"]
[SourceQuality "1"]

1. d4 d5 2. c4 c6 3. Nf3 Nf6 4. Nc3 dxc4 5. a4 Bf5 6. e3 e6 7. Bxc4 Bb4 8. 0-0 Nbd7 9. Qe2 0-0 10. e4 Bg6 11. e5 Nd5 12. Bd2 Be7 13. Nxd5 cxd5 14. Bd3 Nb8 15. b4 Nc6 16. Bxg6 hxg6 17. Rab1 Rc8 18. Qd3 b6 19. b5 Na5 20. Bxa5 bxa5 21. Rfc1 Qd7 22. Nd2 Bg5 23. Rxc8 Qxc8 24. Nb3 Qc4 25. Nc5 Qxd3 26. Nxd3 Bd2 27. Rd1 Bc3 28. Nf4 Rc8 29. Rc1 Rc4 30. Ne2 Bd2 31. Ra1 f6 32. exf6 gxf6 33. Ra2 Bb4 34. f4 Kf7 35. Kf2 e5 36. fxe5 fxe5 37. Ke3 Bc3 38. dxe5 Bxe5 39. h3 Ke6 40. Kd3 Kd6 41. Rc2 Kc5 42. h4 Rxc2 43. Kxc2 Kc4 44. g3 1/2-1/2